Ndebele religion and customs / (Record no. 5119)
[ view plain ]
| 000 -LEADER | |
|---|---|
| fixed length control field | 00864nam a2200265 a 4500 |
| 001 - CONTROL NUMBER | |
| control field | 2385321 |
| 003 - CONTROL NUMBER IDENTIFIER | |
| control field | GZU |
| 005 - DATE AND TIME OF LATEST TRANSACTION | |
| control field | 20210329121324.0 |
| 008 - FIXED-LENGTH DATA ELEMENTS--GENERAL INFORMATION | |
| fixed length control field | 850320s1983 rh a 000 0 eng |
| 010 ## - LIBRARY OF CONGRESS CONTROL NUMBER | |
| LC control number | 84981051 |
| 020 ## - INTERNATIONAL STANDARD BOOK NUMBER | |
| International Standard Book Number | 0869222546 (pbk.) : |
| Terms of availability | $1.70 |
| 040 ## - CATALOGING SOURCE | |
| Original cataloging agency | DLC |
| Transcribing agency | DLC |
| Modifying agency | DLC |
| 043 ## - GEOGRAPHIC AREA CODE | |
| Geographic area code | f-sa--- |
| 050 00 - LIBRARY OF CONGRESS CALL NUMBER | |
| Classification number | BL2480.N33 |
| Item number | B69 1983 |
| 082 00 - DEWEY DECIMAL CLASSIFICATION NUMBER | |
| Classification number | 299/.683 |
| Edition number | 19 |
| 100 1# - MAIN ENTRY--PERSONAL NAME | |
| Personal name | Bozongwana, W. |
| Fuller form of name | (Wallace) |
| 245 10 - TITLE STATEMENT | |
| Title | Ndebele religion and customs / |
| Statement of responsibility, etc. | by W. Bozongwana. |
| 260 ## - PUBLICATION, DISTRIBUTION, ETC. | |
| Place of publication, distribution, etc. | Gweru : |
| Name of publisher, distributor, etc. | Mambo Press in association with the Literature Bureau, |
| Date of publication, distribution, etc. | 1983. |
| 300 ## - PHYSICAL DESCRIPTION | |
| Extent | 56 p. : |
| Other physical details | ill. ; |
| Dimensions | 22 cm. |
| 650 #0 - SUBJECT ADDED ENTRY--TOPICAL TERM | |
| Topical term or geographic name entry element | Ndebele (African people) |
| General subdivision | Religion. |
| 650 #0 - SUBJECT ADDED ENTRY--TOPICAL TERM | |
| Topical term or geographic name entry element | Ndebele (African people) |
| General subdivision | Social life and customs. |
| 710 2# - ADDED ENTRY--CORPORATE NAME | |
| Corporate name or jurisdiction name as entry element | Literature Bureau (Zimbabwe) |
| 906 ## - LOCAL DATA ELEMENT F, LDF (RLIN) | |
| a | 7 |
| b | cbc |
| c | orignew |
| d | 3 |
| e | ncip |
| f | 19 |
| g | y-gencatlg |
| 942 ## - ADDED ENTRY ELEMENTS (KOHA) | |
| Source of classification or shelving scheme | Library of Congress Classification |
| Koha item type | Books |
| Classification part | 2480 |
| Item part | BOZ |
| Call number prefix | BL |
| Call number suffix | 1983 |
| Withdrawn status | Lost status | Damaged status | Not for loan | Collection code | Home library | Current library | Shelving location | Date acquired | Total Checkouts | Full call number | Barcode | Date last seen | Copy number | Price effective from | Koha item type | Inventory number |
|---|---|---|---|---|---|---|---|---|---|---|---|---|---|---|---|---|
| Non-fiction | City Campus Library | City Campus Library | General Stacks | 03/29/2021 | BL2480 BOZ 1983 | 008770 | 03/29/2021 | c.1 | 03/29/2021 | Books | ||||||
| Non-fiction | City Campus Library | City Campus Library | General Stacks | 04/07/2021 | PL8842 BOZ 1983 | G21692 | 04/07/2021 | c.2 | 04/07/2021 | Books | ||||||
| Non-fiction | City Campus Library | City Campus Library | General Stacks | 04/26/2021 | PL8842 BOZ 1983 | G220950 | 04/26/2021 | c.3 | 04/26/2021 | Books | ||||||
| Non-fiction | City Campus Library | City Campus Library | General Stacks | 04/27/2021 | PL8842 BOZ 1983 | G22347 | 04/27/2021 | c.4 | 04/27/2021 | Books | ||||||
| Non-fiction | City Campus Library | City Campus Library | General Stacks | 04/27/2021 | PL8842 BOZ 1983 | G21449 | 04/27/2021 | c.5 | 04/27/2021 | Books | ||||||
| Non-fiction | Mashava Campus Library | Mashava Campus Library | General Stacks | 05/20/2005 | PL8842 BOZ 1983 | g21903 | 05/20/2021 | c.6 | 05/20/2021 | Books | 5169 |